Iniciación a la poesía afroamericana / (Record no. 63003)

MARC details
000 -LEADER
campo de control de longitud fija 00608nam a2200181 i 4500
001 - NÚMERO DE CONTROL
campo de control 63003
003 - IDENTIFICADOR DE NÚMERO DE CONTROL
campo de control ES-MaACL
005 - FECHA Y HORA DE LA ÚLTIMA TRANSACCIÓN
campo de control 20230906164750.0
007 - CAMPO FIJO DE DESCRIPCIÓN FÍSICA--INFORMACIÓN GENERAL
campo de control de longitud fija t|
008 - DATOS DE LONGITUD FIJA--INFORMACIÓN GENERAL
campo de control de longitud fija 031127s1973 xxu ||||1| spa d
100 1# - ENTRADA PRINCIPAL--NOMBRE DE PERSONA
Nombre de persona Fernández de la Vega, Oscar.
9 (RLIN) 49680
245 10 - MENCIÓN DEL TÍTULO
Título Iniciación a la poesía afroamericana /
Mención de responsabilidad, etc. Oscar Fernández de la Vega y Alberto N. Pamies ; bibliografía de Alberto Herrera Pamies.
260 ## - PUBLICACIÓN, DISTRIBUCIÓN, ETC.
Lugar de publicación, distribución, etc. Miami :
Nombre del editor, distribuidor, etc. Universal,
Fecha de publicación, distribución, etc. [1973]
300 ## - DESCRIPCIÓN FÍSICA
Extensión 213 p. ;
Dimensiones 21 cm.
700 1# - ENTRADA AGREGADA--NOMBRE PERSONAL
Nombre de persona Pamies, Alberto N.
9 (RLIN) 88727
700 1# - ENTRADA AGREGADA--NOMBRE PERSONAL
Nombre de persona Herrera Pamies, Alberto.
9 (RLIN) 63234
852 ## - LOCALIZACIÓN
Ubicación ES-MaACL
Número de control de estantería C-56010
Sublocalización o colección R.88640
Holdings
Estatus retirado Estado de pérdida Estado de daño No para préstamo Biblioteca de origen Biblioteca actual Ubicación en estantería Fecha de adquisición Fuente de adquisición Total de préstamos Signatura topográfica completa Código de barras Visto por última vez Precio de reemplazo Tipo de ítem Koha
        Biblioteca del Ateneo de Madrid Biblioteca del Ateneo de Madrid Depósito 2 17/01/2008     C-56010 1066049 23/02/2023 23/02/2023 Libro impreso